MARC details
| 000 -CABECERA |
| campo de control de longitud fija |
01609nam a2200385 i 4500 |
| 001 - NÚMERO DE CONTROL |
| campo de control |
991061300308206706 |
| 003 - IDENTIFICADOR DEL NÚMERO DE CONTROL |
| campo de control |
ES-BaIT |
| 005 - FECHA Y HORA DE LA ÚLTIMA TRANSACCIÓN |
| campo de control |
20250903131326.0 |
| 008 - DATOS DE LONGITUD FIJA--INFORMACIÓN GENERAL |
| campo de control de longitud fija |
250313s1974 sp a||||r|||||0|| ddspa|c |
| 017 ## - NÚMERO DE COPYRIGHT O DE DEPÓSITO LEGAL |
| Número de copyright o de depósito legal |
M 9058-197 |
| Agencia que asigna |
Oficina DL Madrid |
| 040 ## - FUENTE DE LA CATALOGACIÓN |
| Centro catalogador/agencia de origen |
ES-BaIT |
| Lengua de catalogación |
cat |
| Normas de descripción |
rda |
| Centro/agencia transcriptor |
ES-BaIT |
| 041 1# - CÓDIGO DE LENGUA |
| Código de lengua del texto/banda sonora o título independiente |
spa |
| Código de lengua original |
ita |
| 080 ## - NÚMERO DE LA CLASIFICACIÓN DECIMAL UNIVERSAL |
| Número de la Clasificación Decimal Universal |
850-2"19" |
| 100 1# - ENTRADA PRINCIPAL--NOMBRE DE PERSONA |
| Nombre de persona |
Fo, Dario |
| Término indicativo de función/relación |
autor |
| 9 (RLIN) |
19595 |
| 245 10 - MENCIÓN DE TÍTULO |
| Título |
Muerte accidental de un anarquista / |
| Mención de responsabilidad, etc. |
Dario Fo ; versión de Carla Matteini |
| 264 #1 - PRODUCCIÓN, PUBLICACIÓN, DISTRIBUCIÓN, FABRICACIÓN Y COPYRIGHT |
| Producción, publicación, distribución, fabricación y copyright |
Madrid : |
| Nombre del de productor, editor, distribuidor, fabricante |
Pipirijaina, |
| Fecha de producción, publicación, distribución, fabricación o copyright |
1974 |
| 300 ## - DESCRIPCIÓN FÍSICA |
| Extensión |
63 pàgines : |
| Otras características físicas |
il·lustracions ; |
| Dimensiones |
22 x 22 cm |
| 336 ## - TIPO DE CONTENIDO |
| Término de tipo de contenido |
text |
| Código de tipo de contenido |
txt |
| Fuente |
rdacontent |
| 337 ## - TIPO DE MEDIO |
| Nombre/término del tipo de medio |
sense mediació |
| Código del tipo de medio |
n |
| Fuente |
rdamedia |
| 338 ## - TIPO DE SOPORTE |
| Nombre/término del tipo de soporte |
volum |
| Código del tipo de soporte |
nc |
| Fuente |
rdacarrier |
| 490 1# - MENCIÓN DE SERIE |
| Mención de serie |
Pipirijaina Textos; |
| Designación de volumen o secuencia |
5 |
| 500 ## - NOTA GENERAL |
| Nota general |
P8: H8 i altres |
| 500 ## - NOTA GENERAL |
| Nota general |
El text està inspirat en els fets reals al voltant de la mort de l'anarquista Giuseppe Pinelli a l'Itàlia dels anys 70 del segle XX |
| 500 ## - NOTA GENERAL |
| Nota general |
El document es ven conjunt i inseparablement amb la revista Pipirijaina, número 5 |
| 505 2# - NOTA DE CONTENIDO CON FORMATO |
| Nota de contenido con formato |
Conté també: Darío Fo y el Teatro de la Comune de Milán / Franca Rame -- Baladas y canciones / Dario Fo |
| 600 14 - PUNTO DE ACCESO ADICIONAL DE MATERIA--NOMBRE DE PERSONA |
| Nombre de persona |
Fo, Dario |
| Subdivisión general |
Crítica i interpretació |
| 9 (RLIN) |
86532 |
| 610 24 - PUNTO DE ACCESO ADICIONAL DE MATERIA--NOMBRE DE ENTIDAD CORPORATIVA |
| Nombre de entidad corporativa o nombre de jurisdicción como elemento de entrada |
Comune (Grup de teatre) |
| Subdivisión general |
Història i crítica |
| 9 (RLIN) |
166936 |
| 650 #4 - PUNTO DE ACCESO ADICIONAL DE MATERIA--TÉRMINO DE MATERIA |
| Término de materia o nombre geográfico como elemento de entrada |
Teatre polític italià |
| Subdivisión de forma |
Textos dramàtics |
| Subdivisión general |
|
| 9 (RLIN) |
158227 |
| 700 1# - ENTRADA AGREGADA--NOMBRE PERSONAL |
| Información de relación/Frase instructiva de referencia |
Contenidor de (expressió): |
| Nombre de persona |
Fo, Dario. |
| Título de la obra |
Morte accidentale di un anarchico. |
| Lenguaje de la obra |
Castellà |
| 9 (RLIN) |
166937 |
| 700 1# - ENTRADA AGREGADA--NOMBRE PERSONAL |
| Nombre de persona |
Matteini, Carla |
| Término indicativo de función/relación |
traductor |
| 9 (RLIN) |
32741 |
| 830 #0 - PUNTO DE ACCESO ADICIONAL DE SERIE-TÍTULO UNIFORME |
| Título uniforme |
Pipirijaina. |
| Nombre de parte o sección de la obra |
Textos |
| Designación de volumen o secuencia |
5 |
| 9 (RLIN) |
76276 |
| 908 ## - COLOCAR PARÁMETRO DE COMANDO (RLIN) |
| Colocar parámetro de comando |
CDMAE |
| 940 ## - EQUIVALENCIA O REFERENCIA-CRUZADA--TÍTULO UNIFORME [OBSOLETO] [solamente CAN/MARC] |
| Título uniforme |
<a href="CDMAE">CDMAE</a> |
| 942 ## - ELEMENTOS DE ENTRADA AGREGADA (KOHA) |
| Fuente del sistema de clasificación o colocación |
Clasificación decimal universal |
| Tipo de ítem Koha |
Llibre |